000 00322nam a2200145Ia 4500
008 231129s2006||||xx |||||||||||||| ||spa||
020 _a63351
040 _bspa
082 _a920 L878y
100 _aLorza Alfonso
245 0 _aYo
260 _c2006
264 _aArmenia Colombia : Editorial Luz
942 _2ddc
_cBKS
999 _c26492
_d26492